| 000 | 00327nam a22001217a 4500 | ||
|---|---|---|---|
| 999 |
_c2916 _d2916 |
||
| 005 | 20200925112007.0 | ||
| 008 | 200925b ||||| |||| 00| 0 eng d | ||
| 020 | _a0435907387 | ||
| 040 | _cCML | ||
| 245 |
_aComing Home and Othre Stories. _cKarodia, F. |
||
| 260 |
_aOxford _bHeinemann _c1988 |
||
| 942 |
_2ddc _cBK _e1st Edition _kF _mKAR |
||